[Event "Kalamaria op-B 17th"]
[Site "Kalamaria"]
[Date "2024.08.31"]
[Round "1"]
[White "Kostoglou, Apostolos"]
[Black "Papanikolaou, Dimitrios Nik"]
[Result "0-1"]
[WhiteElo "1478"]
[BlackElo "1747"]
[PlyCount "82"]
[EventDate "2024.08.31"]
[EventType "swiss"]
[EventRounds "9"]
[EventCountry "GRE"]
[SourceTitle "EXT 2025"]
[Source "ChessBase"]
[SourceDate "2024.10.14"]
[SourceVersion "1"]
[SourceVersionDate "2024.10.14"]
[SourceQuality "1"]

1. e4 c6 2. d4 d5 3. Nc3 dxe4 4. Nxe4 Nf6 5. Nxf6+ exf6 6. c3 Bd6 7. Bd3 0-0 8. h3 Re8+ 9. Ne2 Nd7 10. 0-0 Qc7 11. Qc2 h6 12. Bh7+ Kh8 13. Be3 Nf8 14. Bf5 Bxf5 15. Qxf5 Ng6 16. Rfe1 Re6 17. Kf1 Rae8 18. Nc1 Bf4 19. Qd3 Bxe3 20. Rxe3 Qh2 21. Rxe6 Rxe6 22. Ne2 Nf4 23. Qg3 Qh1+ 24. Ng1 Ne2 25. Qe3 Qxg1+ 26. Kxe2 Rxe3+ 27. Kxe3 Qxa1 28. f4 Qxb2 29. g4 Qxc3+ 30. Ke4 Qc2+ 31. Ke3 Qxa2 32. d5 Qxd5 33. g5 c5 34. gxf6 gxf6 35. h4 c4 36. h5 Qd3+ 37. Kf2 c3 38. f5 c2 39. Kg2 c1R 40. Kf2 Rc2+ 41. Ke1 Qe2# 0-1